Regiões não reconhecidos bandeiras - Statistics

Estatísticas Gerais
  • Esse quiz foi jogado 129 vezes
  • A pontuação média é 9 de 17
Estatísticas das Respostas
Imagem Resposta % Correto
Kosovo
98%
Taiwan
94%
Palestina
91%
Chipre do norte
80%
Saara Ocidental
67%
Somalilandia
61%
Transnistria
58%
Abecasia
56%
Curdistao
52%
Ossetia
52%
Tibete
50%
Pais basco
48%
Donetsk
35%
Lugansk
27%
Biafra
17%
Turquestão Oriental
14%
Puntlandia
12%
Nenhum quiz correspondente encontrado
Distribuição das Pontuações
Porcentagem de Pessoas com Cada Pontuação
Percentil de Números Respondidos
Sua Pontuação Histórica
Você não jogou esse quiz